The human side of enterprise. (Annotated ed.) (Record no. 46010)

MARC details
000 -LEADER
fixed length control field 00680nam a2200181 a 4500
008 - FIXED-LENGTH DATA ELEMENTS--GENERAL INFORMATION
fixed length control field 100913s2006 ||||||||||||||||| || u
020 ## - INTERNATIONAL STANDARD BOOK NUMBER
International Standard Book Number 0071462228
050 ## - LIBRARY OF CONGRESS CALL NUMBER
Classification number HF 5549 Mac
100 ## - MAIN ENTRY--PERSONAL NAME
Personal name McGregor, Douglas
245 14 - TITLE STATEMENT
Title The human side of enterprise. (Annotated ed.)
Statement of responsibility, etc. updated by Joel Cutcher-Gershenfeld
260 ## - PUBLICATION, DISTRIBUTION, ETC.
Place of publication, distribution, etc. New York:
Name of publisher, distributor, etc. McGraw-Hill
Date of publication, distribution, etc. 2006
300 ## - PHYSICAL DESCRIPTION
Extent liii, 423p. : ill.
350 ## - PRICE (NR) (BK AM CF MU VM SE) [OBSOLETE]
Price 0.00
650 #0 - SUBJECT ADDED ENTRY--TOPICAL TERM
Topical term or geographic name entry element MANAGEMENT
650 #0 - SUBJECT ADDED ENTRY--TOPICAL TERM
Topical term or geographic name entry element PERSONNEL MANAGEMENT
700 ## - ADDED ENTRY--PERSONAL NAME
Personal name Cutcher-Gershenfeld, Joel
995 ## - RECOMMENDATION 995 [LOCAL, UNIMARC FRANCE]
-- 0.00
-- CBU-MAIN LIBRARY (Kitwe)
-- 1
-- 0.00
-- 1
-- AVAILABLE
-- Sep 13, 2010
-- Main Library Open Access Collection
Holdings
Withdrawn status Lost status Source of classification or shelving scheme Damaged status Not for loan Home library Current library Shelving location Date acquired Total Checkouts Full call number Barcode Date last seen Price effective from Koha item type
          CBU-MAIN LIBRARY, KITWE. CBU-MAIN LIBRARY, KITWE.   11/30/2022   HF 5549 Mac 741558 11/30/2022 11/30/2022 MONOGRAPH